[Event "Swiss Queens Wed #4"]
[Site "FIDE Online Arena INT"]
[Date "2024.02.21"]
[Round "6"]
[White "Dzagnidze, Nana"]
[Black "Ambartsumova, Karina"]
[Result "1-0"]
[WhiteElo "2506"]
[BlackElo "2418"]
[PlyCount "175"]
[EventDate "2024.02.21"]
[EventType "swiss (blitz)"]
[EventRounds "11"]
[EventCountry "NET"]
[SourceTitle "CB09_2024"]
[SourceDate "2024.02.28"]
[SourceVersion "1"]
[SourceVersionDate "2024.02.28"]
[SourceQuality "1"]

1. d4 Nf6 2. c4 e6 3. Nf3 d5 4. Nc3 Be7 5. Bf4 0-0 6. e3 b6 7. Rc1 c5 8. dxc5 bxc5 9. cxd5 exd5 10. Be2 Be6 11. 0-0 Nbd7 12. h3 h6 13. b3 Rc8 14. Qd2 Qb6 15. Rfd1 Rfd8 16. Qe1 Nf8 17. Na4 Qb7 18. Qa5 c4 19. bxc4 dxc4 20. Rxd8 Bxd8 21. Qc3 Nd5 22. Qc2 Bf6 23. Be5 Nd7 24. Bxf6 N7xf6 25. Nd4 Nb4 26. Qb1 Bd5 27. a3 Nd3 28. Bxd3 cxd3 29. Rxc8+ Qxc8 30. Qxd3 Qc1+ 31. Kh2 Be4 32. Qe2 Qxa3 33. Qd1 Qa2 34. f3 Bg6 35. Nc3 Qc4 36. Qd2 a5 37. e4 a4 38. Na2 Nd7 39. Ne2 Ne5 40. Nec3 Qb3 41. Qd5 Nc4 42. Qd8+ Kh7 43. Qd5 Na5 44. Qxa5 a3 45. Qa4 Qb2 46. Qb4 f6 47. Qxb2 axb2 48. Nb4 Bf7 49. Nd3 Bc4 50. Nxb2 Be6 51. Nbd1 h5 52. Ne3 g5 53. h4 Kg6 54. hxg5 fxg5 55. Ne2 h4 56. Nd4 Bd7 57. Kg1 Kf6 58. Kf2 Ke5 59. Nef5 Be8 60. Ke3 Bg6 61. Ne2 Bxf5 62. exf5 Kxf5 63. Nd4+ Ke5 64. Ne2 Kf5 65. Ng1 g4 66. fxg4+ Kxg4 67. Kf2 Kf4 68. Nh3+ Kg4 69. Ng1 Kf4 70. Nf3 Kg4 71. Nh2+ Kf4 72. Nf1 Kg4 73. Ne3+ Kf4 74. Nd5+ Kg4 75. Nf6+ Kf4 76. Kg1 Kg3 77. Ne4+ Kf4 78. Nf2 Kg3 79. Nh3 Kg4 80. Kh2 Kf5 81. Ng1 Kg4 82. Ne2 Kg5 83. Kh3 Kh5 84. Ng1 Kg5 85. Nf3+ Kf4 86. Nxh4 Ke3 87. g4 Kf2 88. g5 1-0

[Event "Global Chess League"]
[Site "Dubai"]
[Date "2023.06.25"]
[Round "5.5"]
[White "Khotenashvili, Bela"]
[Black "Dzagnidze, Nana"]
[Result "1-0"]
[WhiteElo "2470"]
[BlackElo "2510"]
[PlyCount "59"]
[EventDate "2023.06.22"]
[EventType "team-tourn (rapid)"]
[EventRounds "10"]
[EventCountry "UAE"]
[SourceTitle "CBM 215 Extra"]
[Source "ChessBase"]
[SourceDate "2023.09.30"]
[SourceVersion "1"]
[SourceVersionDate "2023.09.30"]
[SourceQuality "1"]
[WhiteTeam "Ganges Grandmasters"]
[BlackTeam "Triveni Continental Kings"]
[WhiteTeamCountry "IND"]
[BlackTeamCountry "IND"]

1. Nf3 Nf6 2. g3 d5 3. Bg2 Bf5 4. 0-0 e6 5. d3 h6 6. c4 Nbd7 7. cxd5 exd5 8. Nc3 c6 9. e4 dxe4 10. dxe4 Be6 11. e5 Nd5 12. Nd4 Nxc3 13. bxc3 Nc5 14. Ba3 Qd7 15. Qe2 Na4 16. Nxe6 Qxe6 17. Bxf8 Rxf8 18. Qc2 Nc5 19. Rad1 Rd8 20. Rd4 Ke7 21. f4 g6 22. Rfd1 Qg4 23. Qc1 Qe2 24. Bf1 Qxa2 25. Bc4 Qa5 26. Qe3 Ne6 27. Bxe6 Kxe6 28. f5+ Ke7 29. f6+ Ke6 30. Rd6+ 1-0

[Event "Global Chess League"]
[Site "Dubai"]
[Date "2023.06.24"]
[Round "4.5"]
[White "Batsiashvili, Nino"]
[Black "Dzagnidze, Nana"]
[Result "1-0"]
[WhiteElo "2470"]
[BlackElo "2510"]
[PlyCount "111"]
[EventDate "2023.06.22"]
[EventType "team-tourn (rapid)"]
[EventRounds "10"]
[EventCountry "UAE"]
[SourceTitle "CBM 215 Extra"]
[Source "ChessBase"]
[SourceDate "2023.09.30"]
[SourceVersion "1"]
[SourceVersionDate "2023.09.30"]
[SourceQuality "1"]
[WhiteTeam "Balan Alaskan Knights"]
[BlackTeam "Triveni Continental Kings"]
[WhiteTeamCountry "IND"]
[BlackTeamCountry "IND"]

1. d4 Nf6 2. c4 e6 3. Nc3 Bb4 4. Nf3 d5 5. Bg5 h6 6. Bxf6 Qxf6 7. Qa4+ Nc6 8. e3 0-0 9. Rc1 Bd7 10. cxd5 exd5 11. Qb3 Qd6 12. Be2 a5 13. 0-0 Ne7 14. a3 Bxc3 15. Rxc3 c6 16. Ne5 Bf5 17. Rfc1 f6 18. Nd3 Bxd3 19. Bxd3 Qd7 20. Qd1 f5 21. g3 Nc8 22. b4 axb4 23. axb4 Nd6 24. b5 cxb5 25. Rc7 Qe6 26. Qb3 Rfc8 27. Rxc8+ Rxc8 28. Rxc8+ Nxc8 29. Qxb5 b6 30. h4 Kf7 31. Qa6 Ne7 32. Qa7 h5 33. Qb8 Qc6 34. Kg2 g6 35. Qd8 Ke6 36. Qh8 Kd7 37. Qe5 Qd6 38. Bb5+ Kc7 39. Kf3 Nc6 40. Qg7+ Kb8 41. Qg8+ Kc7 42. Qf7+ Ne7 43. Qg7 Kd8 44. Qe5 Nc8 45. Qxd6+ Nxd6 46. Bc6 b5 47. Bxd5 Ke7 48. Kf4 Kf6 49. f3 b4 50. e4 fxe4 51. fxe4 Nb5 52. e5+ Ke7 53. Ke3 Nc7 54. Bc4 Ne8 55. d5 Ng7 56. Bd3 1-0

[Event "Global Chess League"]
[Site "Dubai"]
[Date "2023.06.23"]
[Round "2.5"]
[White "Shuvalova, Polina"]
[Black "Dzagnidze, Nana"]
[Result "1/2-1/2"]
[WhiteElo "2496"]
[BlackElo "2510"]
[PlyCount "133"]
[EventDate "2023.06.22"]
[EventType "team-tourn (rapid)"]
[EventRounds "10"]
[EventCountry "UAE"]
[SourceTitle "CBM 215 Extra"]
[Source "ChessBase"]
[SourceDate "2023.09.30"]
[SourceVersion "1"]
[SourceVersionDate "2023.09.30"]
[SourceQuality "1"]
[WhiteTeam "Chingari Gulf Titans"]
[BlackTeam "Triveni Continental Kings"]
[WhiteTeamCountry "IND"]
[BlackTeamCountry "IND"]

1. e4 c6 2. d4 d5 3. exd5 cxd5 4. c4 Nf6 5. Nc3 e6 6. Nf3 Bb4 7. cxd5 Nxd5 8. Bd2 Nc6 9. Bd3 0-0 10. 0-0 h6 11. Qe2 Nf6 12. Rad1 Be7 13. Ne4 Qd5 14. a3 Rd8 15. Rfe1 Bd7 16. Bb1 Be8 17. Nxf6+ Bxf6 18. Qd3 g6 19. Be3 Rac8 20. h4 Bg7 21. Qd2 Qh5 22. Qe2 Ne7 23. Bf4 Bc6 24. Ne5 Qxe2 25. Rxe2 Ba4 26. Rde1 Rxd4 27. Bg3 Nf5 28. Bxf5 gxf5 29. Nf3 Rd5 30. Be5 Bd1 31. Re3 Bxf3 32. Bxg7 Kxg7 33. Rxf3 Rc2 34. b4 Rc4 35. g3 Kf6 36. Kg2 Rd2 37. Ree3 b5 38. Rd3 Rcc2 39. Rxd2 Rxd2 40. Rc3 Ra2 41. Kf3 a6 42. Ke3 Ke5 43. Rc5+ Kd6 44. Rc3 e5 45. Rd3+ Ke6 46. Rc3 Kd5 47. Rc5+ Kd6 48. Rc3 h5 49. Rd3+ Ke6 50. Rc3 Kd5 51. Rc5+ Kd6 52. Rc3 Ra1 53. Rd3+ Ke6 54. Rc3 Kd5 55. Rc5+ Kd6 56. Rc3 f6 57. Rd3+ Ke6 58. Rc3 Kd5 59. Rc5+ Kd6 60. Rc3 Rh1 61. Rd3+ Ke6 62. Rc3 Kd5 63. Rc5+ Kd6 64. Rc8 Ra1 65. Rc3 Re1+ 66. Kd2 Ra1 67. Ke3 1/2-1/2

[Event "Saint Louis Cairns Cup (Women) 3rd"]
[Site "Saint Louis"]
[Date "2023.06.05"]
[Round "3"]
[White "Krush, Irina"]
[Black "Dzagnidze, Nana"]
[Result "1-0"]
[WhiteElo "2436"]
[BlackElo "2513"]
[PlyCount "95"]
[EventDate "2023.06.03"]
[EventType "tourn"]
[EventRounds "9"]
[EventCountry "USA"]
[EventCategory "10"]
[SourceTitle "CBM 214 Extra"]
[Source "ChessBase"]
[SourceDate "2023.07.31"]
[SourceVersion "1"]
[SourceVersionDate "2023.07.31"]
[SourceQuality "1"]

1. d4 d5 2. c4 e6 3. Nc3 c6 4. e4 dxe4 5. Nxe4 Bb4+ 6. Bd2 Qxd4 7. Bxb4 Qxe4+ 8. Be2 Na6 9. Ba5 b6 10. Qd6 Bd7 11. Bc3 f6 12. Nf3 Nh6 13. Nd2 Qf5 14. Qa3 Nc5 15. Bd4 Kf7 16. Bxc5 Qxc5 17. Qxc5 bxc5 18. Nb3 Nf5 19. Nxc5 Rad8 20. 0-0-0 Bc8 21. Rxd8 Rxd8 22. Rd1 Rxd1+ 23. Bxd1 Ke7 24. Kd2 e5 25. Kc3 Nd4 26. b4 g5 27. g4 h6 28. a4 f5 29. h3 Kd6 30. a5 Kc7 31. Nb3 Nxb3 32. Kxb3 Kd6 33. Kc3 c5 34. b5 Kc7 35. Kd3 Be6 36. Be2 Bc8 37. Kd2 Be6 38. gxf5 Bxf5 39. Bg4 Bg6 40. Ke3 Bf7 41. Be2 Kd6 42. a6 Kc7 43. Ke4 Be6 44. Bf1 h5 45. Kxe5 Bd7 46. Kf6 g4 47. h4 Kb6 48. Bd3 1-0

[Event "Nicosia FIDE GP (Women)"]
[Site "Nicosia"]
[Date "2023.05.26"]
[Round "10"]
[White "Dzagnidze, Nana"]
[Black "Mammadzada, Gunay Vuqar Qizi"]
[Result "1/2-1/2"]
[WhiteElo "2513"]
[BlackElo "2449"]
[PlyCount "79"]
[EventDate "2023.05.16"]
[EventType "tourn"]
[EventRounds "11"]
[EventCountry "CYP"]
[EventCategory "10"]
[SourceTitle "CBM 214 Extra"]
[Source "ChessBase"]
[SourceDate "2023.07.31"]
[SourceVersion "1"]
[SourceVersionDate "2023.07.31"]
[SourceQuality "1"]

1. e4 c5 2. Nf3 d6 3. c3 Nf6 4. h3 Nbd7 5. Bd3 b6 6. 0-0 Bb7 7. Qe2 Qc7 8. Bc2 Rc8 9. Na3 e6 10. d4 a6 11. Bf4 Be7 12. e5 Nd5 13. Bg3 cxd4 14. cxd4 dxe5 15. Bb3 Nf4 16. Qe3 Qc6 17. Bxf4 exf4 18. Qxf4 0-0 19. Nc4 Qe4 20. Qg3 Qg6 21. Qxg6 hxg6 22. Ncd2 Rc7 23. Rfc1 Rfc8 24. Rxc7 Rxc7 25. Kf1 Nf6 26. Ke2 Bd5 27. Rd1 a5 28. a3 b5 29. g3 Bb7 30. Ne1 Nd5 31. Nd3 Bf6 32. Nf3 a4 33. Bxd5 Bxd5 34. Nfe5 Bxe5 35. Nxe5 Rc2+ 36. Rd2 Rc1 37. h4 Kf8 38. Rd1 Rc2+ 39. Rd2 Rc1 40. Rd1 1/2-1/2

[Event "Nicosia FIDE GP (Women)"]
[Site "Nicosia"]
[Date "2023.05.19"]
[Round "4"]
[White "Wagner, Dinara"]
[Black "Dzagnidze, Nana"]
[Result "1/2-1/2"]
[WhiteElo "2417"]
[BlackElo "2513"]
[PlyCount "128"]
[EventDate "2023.05.16"]
[EventType "tourn"]
[EventRounds "11"]
[EventCountry "CYP"]
[EventCategory "10"]
[SourceTitle "CBM 214 Extra"]
[Source "ChessBase"]
[SourceDate "2023.07.31"]
[SourceVersion "1"]
[SourceVersionDate "2023.07.31"]
[SourceQuality "1"]

1. d4 Nf6 2. c4 e6 3. Nf3 a6 4. Nc3 d5 5. cxd5 exd5 6. Bg5 Be6 7. e3 Nbd7 8. Bd3 Bd6 9. Bf4 Bxf4 10. exf4 Nb6 11. Ne5 0-0 12. 0-0 Qd6 13. Re1 c5 14. dxc5 Qxc5 15. Rc1 Rac8 16. Qf3 d4 17. Ne2 Qd5 18. Qxd5 Bxd5 19. b3 Rxc1 20. Rxc1 Rd8 21. f3 Ne8 22. Rd1 f6 23. Ng4 Bf7 24. Be4 d3 25. Bxd3 Kf8 26. Nf2 h6 27. g4 Nc7 28. Be4 Rxd1+ 29. Nxd1 Nbd5 30. Ndc3 b6 31. Kf2 Ke7 32. Nxd5+ Nxd5 33. Bxd5 Bxd5 34. Ng3 g6 35. f5 g5 36. Ke3 a5 37. Ne4 Bf7 38. Nc3 Kd6 39. Kd4 Bg8 40. Ne4+ Ke7 41. Nd2 Kd6 42. a3 Bf7 43. b4 axb4 44. axb4 Bg8 45. Ne4+ Ke7 46. Ke3 Bb3 47. f4 Bd1 48. fxg5 hxg5 49. Nf2 Ba4 50. Kd4 Bb3 51. Ne4 Bd1 52. Nc3 Bxg4 53. Nd5+ Kf7 54. Ke4 Bd1 55. Nxb6 Bc2+ 56. Kd4 Bxf5 57. b5 Be6 58. Nd5 f5 59. b6 Bc8 60. Ke5 f4 61. h4 gxh4 62. Nxf4 Ke7 63. Ng6+ Kd7 64. Nxh4 Kc6 1/2-1/2

[Event "Titled Tuesday intern op 25th Apr Early"]
[Site "Chess.com INT"]
[Date "2023.04.25"]
[Round "2"]
[White "Dzagnidze, Nana"]
[Black "Quesada Perez, Yuniesky"]
[Result "0-1"]
[WhiteElo "2525"]
[BlackElo "2590"]
[PlyCount "82"]
[EventDate "2023.04.25"]
[EventType "swiss (blitz)"]
[EventRounds "11"]
[EventCountry "USA"]
[SourceTitle "EXT 2024"]
[Source "ChessBase"]
[SourceDate "2023.10.10"]
[SourceVersion "1"]
[SourceVersionDate "2023.10.10"]
[SourceQuality "1"]

1. c4 c6 2. Nf3 d5 3. b3 Bf5 4. Bb2 e6 5. g3 Nf6 6. Bg2 h6 7. 0-0 Nbd7 8. d3 Bh7 9. Nc3 Be7 10. e4 0-0 11. e5 Ne8 12. Qe2 a6 13. Rac1 Qa5 14. d4 Nc7 15. Ne1 Rac8 16. Nd3 Qb6 17. Rfd1 Qa7 18. h4 Rfd8 19. c5 a5 20. Na4 Na6 21. Nf4 b6 22. cxb6 Nxb6 23. Bf1 Nxa4 24. bxa4 Nb8 25. Qg4 Bf5 26. Qf3 c5 27. Bb5 Nc6 28. Ne2 Be4 29. Qe3 Nb4 30. a3 Nc2 31. Qd2 cxd4 32. Nxd4 Nxd4 33. Bxd4 Bc5 34. Rxc5 Rxc5 35. Bxc5 Qxc5 36. Qxa5 Rc8 37. Qb4 Qc2 38. Re1 Rc3 39. a5 Rxg3+ 40. Kf1 Bg2+ 41. Kg1 Bh3+ 0-1

[Event "Titled Tuesday intern op 25th Apr Early"]
[Site "Chess.com INT"]
[Date "2023.04.25"]
[Round "5"]
[White "Lach, Aleksandra"]
[Black "Dzagnidze, Nana"]
[Result "0-1"]
[WhiteElo "2184"]
[BlackElo "2525"]
[PlyCount "70"]
[EventDate "2023.04.25"]
[EventType "swiss (blitz)"]
[EventRounds "11"]
[EventCountry "USA"]
[SourceTitle "EXT 2024"]
[Source "ChessBase"]
[SourceDate "2023.10.10"]
[SourceVersion "1"]
[SourceVersionDate "2023.10.10"]
[SourceQuality "1"]

1. e4 c6 2. Bc4 d5 3. Bb3 dxe4 4. Qh5 g6 5. Qh4 Nf6 6. Nc3 Bf5 7. Nge2 Nbd7 8. Ng3 Nc5 9. Nxf5 gxf5 10. 0-0 Rg8 11. a4 e6 12. Bc4 Bd6 13. h3 Rg6 14. d3 exd3 15. cxd3 Qc7 16. f4 0-0-0 17. Be3 Rdg8 18. Rf2 Be7 19. Re2 Ng4 20. Qg3 Nxe3 21. Qxe3 Nd7 22. d4 Bf6 23. Rd1 Rg3 24. Qf2 Bh4 25. Qf1 Rxh3 26. Rd3 Rxd3 27. Bxd3 Bg3 28. Qf3 Bxf4 29. Nd1 Nf6 30. Qh3 Kb8 31. Nf2 Bg3 32. Nh1 Qd6 33. Nxg3 Qxd4+ 34. Kh2 Qxd3 35. Nf1 Qxe2 0-1

[Event "KAZ-World Blitz (Women)"]
[Site "Astana"]
[Date "2023.04.19"]
[Round "6.3"]
[White "Assaubayeva, Bibissara"]
[Black "Dzagnidze, Nana"]
[Result "1-0"]
[WhiteElo "2440"]
[BlackElo "2525"]
[PlyCount "89"]
[EventDate "2023.04.19"]
[EventType "team-schev (blitz)"]
[EventRounds "8"]
[EventCountry "KAZ"]
[SourceTitle "CBM 213 Extra"]
[Source "ChessBase"]
[SourceDate "2023.05.31"]
[SourceVersion "1"]
[SourceVersionDate "2023.05.31"]
[SourceQuality "1"]
[WhiteTeam "Kazakhstan"]
[BlackTeam "World"]
[WhiteTeamCountry "KAZ"]

1. d4 Nf6 2. c4 e6 3. Nf3 d5 4. Nc3 c6 5. Bg5 h6 6. Bxf6 Qxf6 7. e3 g6 8. Bd3 Bg7 9. 0-0 0-0 10. Qe2 Nd7 11. e4 dxc4 12. Bxc4 e5 13. d5 Nb6 14. Nd2 Bd7 15. Bb3 Rac8 16. Nc4 Kh7 17. a4 h5 18. a5 Nxc4 19. Bxc4 h4 20. a6 b6 21. dxc6 Bxc6 22. Bd5 Bd7 23. Rfd1 Qg5 24. Rd3 Rcd8 25. Qd2 Qf6 26. Bb7 Be6 27. Rd1 Bh6 28. Qc2 Bc4 29. Rf3 Qe7 30. Rxd8 Rxd8 31. Bd5 Bxd5 32. Nxd5 Qe6 33. Rf6 Qd7 34. Rc6 Kg7 35. h3 Qe8 36. Qc4 Bg5 37. Rc7 b5 38. Qc5 b4 39. b3 Rb8 40. Qxa7 Rb5 41. Rc5 Rxc5 42. Qxc5 Qd7 43. a7 Qb7 44. Qa5 Qc6 45. Qa1 1-0

[Event "KAZ-World Rapid (Women)"]
[Site "Astana"]
[Date "2023.04.18"]
[Round "7.4"]
[White "Dzagnidze, Nana"]
[Black "Kamalidenova, Meruert"]
[Result "1/2-1/2"]
[WhiteElo "2525"]
[BlackElo "2342"]
[PlyCount "98"]
[EventDate "2023.04.17"]
[EventType "team-schev (rapid)"]
[EventRounds "8"]
[EventCountry "KAZ"]
[SourceTitle "CBM 213 Extra"]
[Source "ChessBase"]
[SourceDate "2023.05.31"]
[SourceVersion "1"]
[SourceVersionDate "2023.05.31"]
[SourceQuality "1"]
[WhiteTeam "World"]
[BlackTeam "Kazakhstan"]
[BlackTeamCountry "KAZ"]

1. d4 Nf6 2. c4 g6 3. g3 Bg7 4. Bg2 0-0 5. Nc3 d6 6. Nf3 c5 7. 0-0 Nc6 8. dxc5 dxc5 9. Qa4 Qa5 10. Bf4 Be6 11. Qxa5 Nxa5 12. b3 Nh5 13. Bd2 Rad8 14. Rac1 Nc6 15. Rfd1 Nb4 16. Ng5 Bxc3 17. Nxe6 Bxd2 18. Nxf8 Kxf8 19. a3 Nc6 20. Bxc6 bxc6 21. b4 Ke8 22. Rb1 cxb4 23. axb4 Nf6 24. Rb3 Rd6 25. Ra1 Rd7 26. e3 Ne4 27. Ra6 Be1 28. Rb2 Bxf2+ 29. Rxf2 Nxf2 30. Kxf2 Rb7 31. Rxc6 Rxb4 32. Kf3 Kd7 33. Ra6 Rxc4 34. Rxa7+ Rc7 35. Ra6 e6 36. h4 Ke7 37. Ra5 f5 38. Ra3 Kf6 39. e4 Rc1 40. exf5 gxf5 41. Ra7 Rc3+ 42. Kf2 h6 43. Kg2 Rc2+ 44. Kf3 Rc3+ 45. Kg2 Rd3 46. Rb7 Rd2+ 47. Kf3 Rd3+ 48. Kg2 Rc3 49. Ra7 Rd3 1/2-1/2

[Event "Titled Tuesday intern op 11th Apr Early"]
[Site "Chess.com INT"]
[Date "2023.04.11"]
[Round "3"]
[White "Dzagnidze, Nana"]
[Black "Korol, Dimitry"]
[Result "1/2-1/2"]
[WhiteElo "2525"]
[BlackElo "2287"]
[PlyCount "77"]
[EventDate "2023.04.11"]
[EventType "swiss (blitz)"]
[EventRounds "11"]
[EventCountry "USA"]
[SourceTitle "CBM 213 Extra"]
[Source "ChessBase"]
[SourceDate "2023.05.31"]
[SourceVersion "1"]
[SourceVersionDate "2023.05.31"]
[SourceQuality "1"]

1. d4 Nf6 2. c4 c5 3. d5 b5 4. cxb5 a6 5. bxa6 g6 6. Nc3 Bxa6 7. Nf3 d6 8. e4 Bxf1 9. Kxf1 Bg7 10. g3 0-0 11. Kg2 Nbd7 12. Rb1 Ng4 13. Bd2 Qa5 14. Qc2 Nge5 15. Nxe5 Nxe5 16. b3 Qa3 17. Bc1 Qa5 18. a4 Nf3 19. Kxf3 Bxc3 20. Kg2 Rfb8 21. Bb2 Bxb2 22. Rxb2 Rb4 23. h4 h5 24. Rhb1 Rab8 25. Qe2 Qb6 26. e5 c4 27. exd6 exd6 28. Qf3 Rxb3 29. Rxb3 cxb3 30. a5 Qxa5 31. Rxb3 Rxb3 32. Qxb3 Qc5 33. Qd3 Kg7 34. Qe4 Kg8 35. Qf3 Kg7 36. Kh2 Kg8 37. Kg2 Kg7 38. Kh2 Kg8 39. Kg2 1/2-1/2

[Event "Titled Tuesday intern op 11th Apr Early"]
[Site "Chess.com INT"]
[Date "2023.04.11"]
[Round "9"]
[White "Dzagnidze, Nana"]
[Black "Lorenzo de la Riva, Lazaro"]
[Result "0-1"]
[WhiteElo "2525"]
[BlackElo "2417"]
[PlyCount "104"]
[EventDate "2023.04.11"]
[EventType "swiss (blitz)"]
[EventRounds "11"]
[EventCountry "USA"]
[SourceTitle "CBM 213 Extra"]
[Source "ChessBase"]
[SourceDate "2023.05.31"]
[SourceVersion "1"]
[SourceVersionDate "2023.05.31"]
[SourceQuality "1"]

1. d4 Nf6 2. c4 d6 3. Nc3 g6 4. Nf3 Bg7 5. g3 0-0 6. Bg2 Nc6 7. 0-0 e5 8. h3 Re8 9. Be3 Bf5 10. g4 Bd7 11. Qd2 h5 12. g5 Nh7 13. dxe5 dxe5 14. Rfd1 Be6 15. Nd5 Qc8 16. h4 Ne7 17. Bc5 Nf5 18. Rac1 c6 19. e4 cxd5 20. cxd5 Bd7 21. Ba3 Qd8 22. exf5 Bxf5 23. d6 Nf8 24. Rc7 Nd7 25. Rxb7 Bg4 26. Re1 Rb8 27. Rxa7 Qb6 28. Rc7 e4 29. Nh2 Bf5 30. Nf1 Ne5 31. Ne3 Red8 32. Nd5 Qb5 33. Ne7+ Kh8 34. Nxf5 gxf5 35. Qf4 Ng4 36. Rxf7 Rf8 37. Rxf8+ Rxf8 38. Rf1 Bd4 39. d7 Rd8 40. Qd6 Qxd7 41. Qg6 Qh7 42. Qxh7+ Kxh7 43. Bh3 Kg6 44. Kg2 f4 45. Bb4 Be5 46. Re1 Kf5 47. f3 exf3+ 48. Kxf3 Rd3+ 49. Kg2 Rg3+ 50. Kf1 Rxh3 51. a4 f3 52. Bc5 Rh1+ 0-1

[Event "Titled Tuesday intern op 11th Apr Early"]
[Site "Chess.com INT"]
[Date "2023.04.11"]
[Round "11"]
[White "Dzagnidze, Nana"]
[Black "Omariev, Maksim"]
[Result "1-0"]
[WhiteElo "2525"]
[BlackElo "2304"]
[PlyCount "105"]
[EventDate "2023.04.11"]
[EventType "swiss (blitz)"]
[EventRounds "11"]
[EventCountry "USA"]
[SourceTitle "CBM 213 Extra"]
[Source "ChessBase"]
[SourceDate "2023.05.31"]
[SourceVersion "1"]
[SourceVersionDate "2023.05.31"]
[SourceQuality "1"]

1. c4 e5 2. Nc3 h5 3. Nf3 Nc6 4. d4 d6 5. d5 Nce7 6. e4 h4 7. h3 Ng6 8. Be3 Be7 9. b4 a5 10. a3 Nf6 11. c5 Nh5 12. Bb5+ Kf8 13. cxd6 Bxd6 14. 0-0 axb4 15. axb4 Rxa1 16. Qxa1 Bxb4 17. Rc1 Nhf4 18. Ne2 Nxe2+ 19. Bxe2 Qe7 20. Qa8 Qd8 21. Qb8 Bd6 22. Bc5 Ke7 23. Bxd6+ Kxd6 24. Qa7 Ke7 25. Qc5+ Qd6 26. Qxc7+ Qxc7 27. Rxc7+ Kf6 28. Bb5 Rd8 29. Kf1 Nf4 30. Nxh4 g6 31. Nf3 g5 32. Ne1 g4 33. hxg4 Bxg4 34. f3 Bh5 35. Nd3 Nxd3 36. Bxd3 Rb8 37. Bb5 Kg5 38. Kf2 f5 39. exf5 Kxf5 40. g4+ Bxg4 41. fxg4+ Kxg4 42. Ke3 Kf5 43. Bd3+ e4 44. Bxe4+ Ke5 45. Re7+ Kd6 46. Re6+ Kc5 47. d6 b5 48. d7 Rd8 49. Bc6 Kb6 50. Re8 Rb8 51. Rxb8+ Ka7 52. d8Q b4 53. Qb6# 1-0

[Event "Titled Tuesday intern op 11th Apr Early"]
[Site "Chess.com INT"]
[Date "2023.04.11"]
[Round "5"]
[White "Dzagnidze, Nana"]
[Black "Shapiro, Viktor"]
[Result "1-0"]
[WhiteElo "2525"]
[BlackElo "2192"]
[PlyCount "55"]
[EventDate "2023.04.11"]
[EventType "swiss (blitz)"]
[EventRounds "11"]
[EventCountry "USA"]
[SourceTitle "CBM 213 Extra"]
[Source "ChessBase"]
[SourceDate "2023.05.31"]
[SourceVersion "1"]
[SourceVersionDate "2023.05.31"]
[SourceQuality "1"]

1. c4 Nf6 2. Nc3 c5 3. g3 Nc6 4. Bg2 d6 5. e3 e6 6. Nge2 Be7 7. 0-0 0-0 8. d4 Bd7 9. b3 a6 10. Bb2 Rc8 11. d5 Na5 12. dxe6 fxe6 13. Nf4 Re8 14. Qe2 Bf8 15. Rfd1 Qc7 16. Ne4 Nxe4 17. Bxe4 Bc6 18. Bc2 Qf7 19. Qd3 Qf5 20. Qxf5 exf5 21. Bxf5 Rcd8 22. Bc3 b6 23. Ne6 Rb8 24. Nxf8 Rxf8 25. Be6+ Kh8 26. Rxd6 Bf3 27. Rd7 Rb7 28. Bxg7# 1-0

[Event "New Delhi FIDE GP (Women)"]
[Site "New Delhi"]
[Date "2023.03.31"]
[Round "6"]
[White "Zhu, Jiner"]
[Black "Dzagnidze, Nana"]
[Result "1/2-1/2"]
[WhiteElo "2489"]
[BlackElo "2525"]
[PlyCount "68"]
[EventDate "2023.03.26"]
[EventType "tourn"]
[EventRounds "11"]
[EventCountry "IND"]
[EventCategory "11"]
[SourceTitle "CBM 213 Extra"]
[Source "ChessBase"]
[SourceDate "2023.05.31"]
[SourceVersion "1"]
[SourceVersionDate "2023.05.31"]
[SourceQuality "1"]

1. e4 c5 2. Nf3 d6 3. d4 cxd4 4. Nxd4 Nf6 5. Nc3 a6 6. Bg5 e6 7. f4 h6 8. Bh4 Nbd7 9. Bc4 Qc7 10. Qe2 b5 11. Bb3 Nc5 12. e5 dxe5 13. fxe5 Nh7 14. 0-0-0 Ng5 15. Bxg5 hxg5 16. Ne4 Nxb3+ 17. axb3 Be7 18. Nd6+ Bxd6 19. exd6 Qxd6 20. Nxe6 Qxe6 21. Qf3 Bb7 22. Qxb7 0-0 23. Rhe1 Qh6 24. Kb1 g4 25. Qd7 Qh5 26. Rd5 Qh4 27. g3 Qxh2 28. Qxg4 Rae8 29. Red1 Qe2 30. Qh3 Re6 31. R5d2 Qe3 32. Rd3 Qe2 33. R3d2 Qe3 34. Rd3 Qe2 1/2-1/2

[Event "New Delhi FIDE GP (Women)"]
[Site "New Delhi"]
[Date "2023.03.29"]
[Round "4"]
[White "Shuvalova, Polina"]
[Black "Dzagnidze, Nana"]
[Result "1-0"]
[WhiteElo "2484"]
[BlackElo "2525"]
[PlyCount "103"]
[EventDate "2023.03.26"]
[EventType "tourn"]
[EventRounds "11"]
[EventCountry "IND"]
[EventCategory "11"]
[SourceTitle "CBM 213 Extra"]
[Source "ChessBase"]
[SourceDate "2023.05.31"]
[SourceVersion "1"]
[SourceVersionDate "2023.05.31"]
[SourceQuality "1"]

1. d4 d5 2. c4 e6 3. Nf3 Nf6 4. g3 dxc4 5. Bg2 c5 6. 0-0 Nc6 7. Qa4 Bd7 8. Qxc4 b5 9. Qd3 c4 10. Qc2 Rc8 11. Nc3 Be7 12. Rd1 0-0 13. Ne5 Nb4 14. Qd2 Nbd5 15. e4 Nb6 16. a3 a5 17. d5 Bc5 18. dxe6 fxe6 19. Qe2 b4 20. axb4 axb4 21. Nb5 Ra8 22. Rxa8 Qxa8 23. Nxd7 Nfxd7 24. Nd4 e5 25. Nf5 Nf6 26. Kh1 Qa2 27. f4 Nbd7 28. g4 g6 29. g5 gxf5 30. gxf6 Nxf6 31. fxe5 Ng4 32. Rf1 Nf2+ 33. Rxf2 Bxf2 34. Qxf2 c3 35. exf5 cxb2 36. Qxb2 Qxb2 37. Bd5+ Kg7 38. Bxb2 Rxf5 39. Kg2 Kf8 40. Be4 Rf7 41. e6 Rf4 42. Bd5 Ke7 43. Bc1 Rf5 44. Bb3 Rc5 45. Bd2 Rc3 46. Bg5+ Kd6 47. e7 Rc8 48. Kg3 h6 49. Bf6 Re8 50. Kg4 Rxe7 51. Bxe7+ Kxe7 52. Kh5 1-0

[Event "New Delhi FIDE GP (Women)"]
[Site "New Delhi"]
[Date "2023.03.28"]
[Round "3"]
[White "Dzagnidze, Nana"]
[Black "Harika, Dronavalli"]
[Result "1/2-1/2"]
[WhiteElo "2525"]
[BlackElo "2511"]
[PlyCount "50"]
[EventDate "2023.03.26"]
[EventType "tourn"]
[EventRounds "11"]
[EventCountry "IND"]
[EventCategory "11"]
[SourceTitle "CBM 213 Extra"]
[Source "ChessBase"]
[SourceDate "2023.05.31"]
[SourceVersion "1"]
[SourceVersionDate "2023.05.31"]
[SourceQuality "1"]

1. d4 d5 2. c4 c6 3. cxd5 cxd5 4. Bf4 Nc6 5. e3 Nf6 6. Nc3 Bf5 7. Qb3 Na5 8. Qa4+ Bd7 9. Qc2 e6 10. Bd3 Rc8 11. Nf3 Bb4 12. 0-0 Nh5 13. Be5 f6 14. Bg3 g6 15. Rac1 0-0 16. Qe2 Nxg3 17. hxg3 Kg7 18. e4 Re8 19. Rc2 Nc6 20. a3 Bf8 21. Qd2 Qb6 22. Na4 Qa5 23. Nc3 Qb6 24. Na4 Qa5 25. Nc3 Qb6 1/2-1/2